LDR 00815naa#a2200169#i#450# 001 RU\\bibl\121547 005 20260426132828.7 011 ## _a2414-3995 100 ## _a20260422b2026####ek#y0rusy0150####ca 102 ## _aRU 200 1# _aНаправления изменений институциональной среды в системе экономической безопасности _eЖурнальная статья 210 1# _aМосква _cМосковский университет МВД России имени В.Я. Кикотя _d2026 215 ## _a3 с. 608 ## _aЖурнальная статья _2local 675 ## _aЭкономика. Народное хозяйство. Экономические науки. 33 _z 700 #1 _aКузнецова _gЕлена Ивановна 856 4# _amosumvd.editorum.ru _u